[Event "Olympiad-34"]
[Site "Istanbul"]
[Date "2000.10.29"]
[Round "2.2"]
[White "Hector, Jonny"]
[Black "Baklan, Vladimir"]
[Result "1/2-1/2"]
[WhiteElo "2509"]
[BlackElo "2599"]
[Annotator "Atlas,V"]
[PlyCount "81"]
[EventDate "2000.10.28"]
[EventType "team-swiss"]
[EventRounds "14"]
[EventCountry "TUR"]
[SourceTitle "EXT 2001"]
[Source "ChessBase"]
[SourceDate "2000.11.22"]
[SourceVersion "1"]
[SourceVersionDate "2000.11.22"]
[SourceQuality "1"]
[WhiteTeam "Sweden"]
[BlackTeam "Ukraine"]
[WhiteTeamCountry "SWE"]
[BlackTeamCountry "UKR"]

1. e4 c5 2. Nf3 d6 3. d4 cxd4 4. Nxd4 Nf6 5. Nc3 Nc6 6. f4 e5 7. Nf3 Be7 8. f5
a6 9. Bg5 O-O 10. Qd2 b5 11. Bxf6 Bxf6 12. a4 bxa4 13. Rxa4 Rb8 14. b3 Nb4 15.
Bc4 Qb6 16. g4 ({If} 16. Nd5 {then} Nxd5 17. Bxd5 Bd7 {followed by 18...Rc8,
with a good counterplay for Black.}) 16... Bd7 17. g5 Bd8 (17... Bxa4 $5 {
led to interesting complications:} 18. Nxa4 (18. gxf6 Nxc2+ 19. Qxc2 Qe3+ (
19... Bxb3 20. Qg2 Qe3+ 21. Ne2 Qh6 22. Qxg7+ Qxg7 23. fxg7) 20. Be2 Rfc8 21.
Nd5 Qc1+ 22. Qxc1 Rxc1+) 18... Qb7 19. Nc3 Bd8 20. g6) 18. Ra1 {allows for an
efficient sacrfice, yielding Black good counterplay.} Nxc2+ 19. Qxc2 Qe3+ {
[%csl Rc3,Re1,Rf3][%cal Ge3c3,Ge3f3,Ge3e1]} 20. Be2 Rc8 {[%csl Rc3][%cal Gc8c3]
} (20... Bb6 $2 {fails to} 21. Nd1) 21. Nd5 ({Certainly, not} 21. Rc1 $4 Ba5
$19) 21... Qxf3 22. Bxf3 Rxc2 23. h4 (23. Bd1 Rb2 24. Rxa6 $140 Bb5 {followed
by 25...Bg5, and the white king is in trouble.}) 23... a5 (23... Bb5 $5 {
was worth considering here.}) 24. Be2 {Transferring the bishop to the active
position on the f1-a6 diagonal.} Bc6 25. Bd3 Rc5 (25... Rb2 26. Bc4) 26. Bc4
Bb5 (26... a4 27. O-O {does not promise Black any advantage.}) 27. Bxb5 Rxb5
28. Rh3 f6 29. gxf6 (29. g6 {is strongly met by} hxg6 30. fxg6 f5 {, with
excellent winning chances for Black.}) 29... Bxf6 30. Rc1 Rfb8 31. Rcc3 Bd8 32.
Kd1 Kf8 33. Kc2 Bb6 34. Rc6 Bd4 35. Nc7 Rc5+ 36. Rxc5 dxc5 37. Rg3 Kf7 38. h5 (
38. Ne6 {is met by} g6) 38... Kf6 39. Ne6 a4 (39... Rb7 40. Nf8 h6 $2 {fails to
} 41. Rg6+ Kf7 42. Ne6 Kg8 43. f6) 40. bxa4 Rb2+ 41. Kc1 1/2-1/2

[Event "Ptuj zt"]
[Site "Ptuj"]
[Date "1995.??.??"]
[Round "13"]
[White "Grosar, Aljosa"]
[Black "Wach, Markus"]
[Result "1-0"]
[WhiteElo "2475"]
[BlackElo "2385"]
[Annotator "Baburin,A"]
[PlyCount "59"]
[EventDate "1995.04.??"]
[EventType "tourn"]
[EventRounds "15"]
[EventCountry "SLO"]
[EventCategory "10"]
[SourceTitle "CBM 047"]
[Source "ChessBase"]
[SourceDate "1995.08.01"]
[SourceVersion "1"]
[SourceVersionDate "1995.08.01"]
[SourceQuality "1"]

1. e4 c5 2. Nf3 d6 3. d4 cxd4 4. Nxd4 Nf6 5. Nc3 Nc6 6. Be3 e5 7. Nf3 Be7 8.
Bc4 O-O 9. O-O Na5 10. Bb3 Bg4 11. Qe2 h6 12. Rfd1 Qc7 13. h3 Be6 14. Nd5 Nxd5
15. Bxd5 Nc4 16. c3 a6 17. b3 Nxe3 18. Qxe3 Bxd5 19. Rxd5 {[#] Such a position
is rather characteristic for many lines in the Sicilian, Black has some play
on the c-file (particularly here, as the c3-pawn is weak) while White controls
the d5-square. In fact he needs a Knight to be on d5!} b5 20. Rd3 Rfc8 21. Nh2
$1 {White is going to move the Knight towards d5 via f1 & e3.} Qc5 22. Ng4 Bg5
23. Qf3 {White plans to push the Bishop away after g2-g3 & h3-h4 and then gain
control over the outpost on d5 after Ng4-e3-d5. In themeantime Black tries to
attack white pawns on the Q-side - a risky plan, as all his pieces leave the
King.} Qa3 (23... h5 $5) 24. g3 Bc1 25. Rb1 Bb2 26. Rbd1 Qxa2 27. Rxd6 Qxb3 28.
Nxh6+ $1 Kf8 (28... gxh6 29. Rxh6 {Followed by Qf3-f6...}) 29. Rd7 gxh6 30.
R1d5 1-0

[Event "Marlboro Chess Classic"]
[Site "Manila"]
[Date "1977.10.24"]
[Round "3"]
[White "Chandler, Murray G"]
[Black "Bachtiar, Arovah"]
[Result "0-1"]
[WhiteElo "2385"]
[BlackElo "2335"]
[Annotator "Bachtiar"]
[PlyCount "82"]
[EventDate "1977.10.22"]
[EventType "tourn"]
[EventRounds "13"]
[EventCountry "PHI"]
[EventCategory "6"]
[SourceTitle "EXT 2004"]
[Source "ChessBase"]
[SourceDate "2003.11.25"]
[SourceVersion "1"]
[SourceVersionDate "2003.11.25"]
[SourceQuality "1"]

1. e4 c5 2. Nf3 d6 3. d4 cxd4 4. Nxd4 Nf6 5. Nc3 e5 6. Nf3 Be7 7. Bg5 a6 8. Qd2
Nbd7 9. Bc4 Rb8 10. a4 O-O 11. Rd1 Qc7 12. b3 b5 13. axb5 axb5 14. Bxb5 (14.
Nxb5 Rxb5 $1 15. Bxb5 Nxe4 16. Bxe7 $1 Nxd2 17. Rxd2 Re8 18. Bxd6 $11) 14... d5
15. O-O d4 16. Nd5 Nxd5 17. exd5 Bxg5 18. Nxg5 h6 (18... Rxb5 19. Qd3) 19. Bxd7
Qxd7 20. Nf3 Qxd5 21. c4 Qd6 (21... Qc5 22. b4 $1 $11) 22. b4 Bg4 23. Rb1 Bxf3
24. gxf3 Qg6+ 25. Kh1 Qf5 26. Qe2 Rfc8 27. Rfd1 Rb6 28. Rb3 Rg6 29. c5 Qg5 30.
Qf1 Qf4 31. Qh3 f5 32. Rbb1 Kh7 33. Rg1 Rxg1+ 34. Rxg1 d3 35. Qh5 Rc6 36. b5 $2
$138 (36. Qf7 $1 Qxf3+ 37. Rg2 Qd1+ 38. Rg1 Qf3+ 39. Rg2 $11) 36... g6 37. Qh3
Rxc5 38. Qg2 g5 39. b6 Rb5 40. Qf1 Qxf3+ 41. Rg2 Rxb6 0-1

[Event "Schlechter Memorial"]
[Site "Vienna"]
[Date "1996.??.??"]
[Round "5"]
[White "Popovic, Petar"]
[Black "Groszpeter, Attila"]
[Result "1/2-1/2"]
[WhiteElo "2575"]
[BlackElo "2545"]
[Annotator "Balinov,I"]
[PlyCount "21"]
[EventDate "1996.10.10"]
[EventType "swiss"]
[EventRounds "9"]
[EventCountry "AUT"]
[SourceTitle "CBM 055 Extra"]
[Source "ChessBase"]
[SourceDate "1997.01.01"]
[SourceVersion "1"]
[SourceVersionDate "1997.01.01"]
[SourceQuality "1"]

1. e4 c5 2. Nf3 d6 3. d4 cxd4 4. Nxd4 Nf6 5. Nc3 Nc6 6. g3 Qb6 $5 7. Nb3 $8 (7.
Be3 Ng4 $1) 7... Bg4 8. f3 Be6 9. Qe2 Nb4 10. Bg5 (10. Be3 Nxc2+) 10... a6 $1 (
10... Rc8 11. Qb5+) 11. O-O-O (11. O-O-O Bxb3 12. Bxf6 Nxa2+ 13. Nxa2 Bxa2 14.
Bd4 Qc7 $15) 1/2-1/2

[Event "Bundesliga 1415"]
[Site "Germany"]
[Date "2014.12.06"]
[Round "5.6"]
[White "Berg, Emanuel"]
[Black "Becker, Michael"]
[Result "1-0"]
[WhiteElo "2555"]
[BlackElo "2321"]
[Annotator "Berg,E"]
[PlyCount "55"]
[EventDate "2014.10.18"]
[EventType "team-tourn"]
[EventRounds "15"]
[EventCountry "GER"]
[SourceTitle "CBM 164"]
[Source "ChessBase"]
[SourceDate "2015.01.15"]
[SourceVersion "1"]
[SourceVersionDate "2015.01.15"]
[SourceQuality "1"]
[WhiteTeam "Dortmund Hansa"]
[BlackTeam "Rostock"]
[WhiteTeamCountry "GER"]
[BlackTeamCountry "GER"]

1. e4 c5 2. Nf3 d6 3. d4 cxd4 4. Nxd4 Nf6 5. Nc3 e5 6. Bb5+ $1 Bd7 7. Bxd7+
Qxd7 8. Nde2 {I had been checking this line briefly before the game. However
my opponents next move came as a surprise.} Qg4 $5 {This was played quickly by
Becker and I had to think pretty deeply in order to decide how to proceed.} ({
I was expecting} 8... Qc6 {which has been played by MVL.} {Following} 9. Ng3
Nbd7 10. Bg5 g6 11. Qd3 Be7 {is seems to me that White was a bit better in 1/
2-1/2 (44) Inarkiev,E (2667)-Vachier Lagrave,M (2703) Warsaw 2010. However
here I don't seee the point of taking at once on f6 like the game. Instead} 12.
O-O-O $14 {looks more sensible to keep the tension for the moment. White has
control over the d5-square and Black's backward pawn on d6 causee him a bit of
trouble.}) 9. Qd3 $1 {This move was one of the first moves that came to mind
but it took me a long time to calculate and assess the outcome of it. Even
while playing it I was not completely sure but my intuition said it should at
least be full compensation.} (9. O-O $5 {is not bad either although less
ambitious. Following} Nxe4 10. Nd5 Qd7 $44 {White definitely has compensation
but Black is still pretty solid and has an extra pawn. 1-0 (49) Kranzl,
A-Braskin,I ICCF corr 1985}) ({The safest option} 9. Ng3 $6 {is just about a
bit too safe I guess. Following} Qxd1+ 10. Kxd1 Nc6 {Black did not have too
many problmes in 0-1 (30) Martinez Duany,L (2485)-Perez Rodriguez,L (2521)
Santiago de Cuba 2009.}) 9... Qxg2 10. Rg1 Qxh2 11. Bg5 $1 {A very nice move
which keeps the tension and puts the maximum of pressure on Black's shoulders.}
(11. Qb5+ $146 {might be tempting but I considered it to be double edged after}
Nbd7 12. Qxb7 (12. Be3 $5 {as given by the engine is interesting for White.
With 0-0-0 to follow White has a nice initiative and full compensation.}) 12...
Rb8 $132 {Now White might easily end up in trouble, e.g.} 13. Qxa7 $4 ({
A better move is} 13. Qc6 $44) 13... d5 $1 {and Black is winning due to the
rapid activation of his f8-bishop. Now ...Bc5 cannot be stopped since Be3
drops a piece to ...d4!}) 11... Nbd7 {The most natural continuation.} ({However
} 11... Nc6 $5 $146 {is a decent alternative deserving attention. Black now
intends to go for ...0-0-0 with rapid development. From a practical point of
view this definitely looks better since White has more important decisions to
make than in the game.} {The best follow-up is} 12. O-O-O {when there might
follow} Be7 $1 {This is an interesting starting point for further analysis. It
seems that White has more than enough compensation but the complexity of the
position clearly gives Black good practical chances to stay in the game.} (
12... Qxf2 $4 {actually loses to} 13. Qh3 $1 {with the killing threat Be3. Now
after} Qb6 (13... Qc5 14. Bxf6 gxf6 15. Nd5 $18 {[%csl Re8] is no rescue
either.}) 14. Bxf6 gxf6 15. Nd5 Qd8 16. Ng3 $1 $18 {[%csl Rd8,Re8,Rf8] Black
is totally dominated and left in a hopeless situation. To make the point clear
the line} Nd4 17. Rxd4 $3 exd4 18. Rf1 $18 {shows that it's not the quantity
but the quality of the material that counts!}) {One straightforward line is}
13. Nb5 {when after} O-O 14. Qe3 $1 Qh5 15. Ng3 Qh3 16. f3 $1 $16 {intending
Nf5 White's attack looks really promising.}) 12. Bxf6 $1 {This slightly
surprising exchange appears to be a brilliant continuation. With that said
there are also other promising alternatives.} (12. O-O-O $5 Qxf2 13. Be3 Qf3 $6
(13... Qh4 {is better intending} 14. Nb5 Qxe4 $1 15. Nc7+ Kd8 16. Nxa8 b6 17.
Qxe4 Nxe4 $132 {with a crazy position where White might well be objectively
better. However Black surely has good practical chances.}) 14. Rg3 Qh5 15. Nb5
Rc8 16. Nxa7 $16 {1-0 (48) Willemze,J (2327)-Ernst,S (2468) Vienna 2003}) 12...
gxf6 $2 {This just gives Black a terrible pawn structure and no active chances
to create counterplay.} (12... Nxf6 {also favours White but still is the move
to be played. Following} 13. Qb5+ Nd7 14. Qxb7 Rb8 {White has a clear plus but
still needs to prove his advantage.} 15. Qc6 $1 {Activity counts for more than
material is this concrete position.} ({My intended continuation} 15. Qxa7 {
is also good but not quite as strong. Black can achieve active counterplay with
} d5 $1 {when White is still better but needs to play very carefully.} (15...
Rxb2 $2 16. Nd5 $1 Rb8 17. Nc7+ Kd8 18. Qa5 $16 {gives White a nice attack.})
16. O-O-O $1 $14) {A possible line is} 15... g6 (15... Be7 16. Rxg7 $16) 16.
Nb5 Be7 17. Nxd6+ Bxd6 18. Qxd6 Qh3 19. O-O-O Qe6 20. Qc7 Ke7 $8 21. Nc3 Rhc8
22. Qxa7 $16 {White remains with an extra pawn and is better. However the
position is very complex and still far from a safe, technical advantage.}) 13.
Qf3 $5 {A simple human move leading to a clear advantage for White without any
particular counterplay for Black.} ({The engines claim that} 13. Qb5 $1 {
is even stronger which is most likely true.}) 13... Qh6 {Forced in order to
prevent Rh1 trapping the queen.} 14. Rh1 Qg7 (14... Qg5 {might be a tiny bit
better avoiding 0-0-0 for White} {However} 15. Nd5 Rc8 16. Rh5 Qg6 17. O-O-O {
is also very pleasant for White intending ...Rg1 or} Rg8 18. Ng3 $16 {with
perfect light sqyuare control.}) 15. Rg1 {I was approaching some minor time
trouble and decided to gain some time.} Qh6 16. Rh1 Qg7 17. Nd5 Rc8 18. O-O-O
$1 {Now Black is alrady winning and Black can only hope for a miracle.} h5 {
Saves the queen but not the game.} 19. Ng3 Rg8 20. Nxh5 (20. Qb3 $1 $18 {
was even stronger.}) 20... Qg5+ 21. Kb1 Be7 22. Ng3 (22. Qa3 $1 $18 {[%csl Ra7,
Rd6][%cal Gd5e7,Ya3d6,Ya3a7] wins pretty straightforward. However the game
continuation also wins safely.}) 22... Rc6 23. Nf5 Bd8 (23... Bf8 {[%csl Rf8]
is the equivalent of resignation since Black now has no hope whatsoever of
getting his bishop out. Moreover White can force the win after} 24. Qa3 $1 a6
25. Qa5 $1 $18 {with the decisive threat Nc7+.}) 24. Nb4 Rb6 25. Nxd6+ Rxd6 26.
Rxd6 Be7 27. Rdd1 $1 {A nice final touch which wins the game on the spot.} ({
Black could perhaps hope for} 27. Rxd7 $2 Kxd7 28. Rd1+ $16 Kc8 $16 {when he
is still alive.}) 27... Bxb4 28. Qd3 ({Black resigned in view of the line} 28.
Qd3 Qg4 29. Rhg1 $3 Qxg1 30. Qxd7+ Kf8 31. Qd8+ Kg7 32. Rxg1+ $18) 1-0

[Event "Moscow Aeroflot op-A 15th"]
[Site "Moscow"]
[Date "2016.03.08"]
[Round "8"]
[White "Bartel, Mateusz"]
[Black "Gelfand, Boris"]
[Result "1/2-1/2"]
[WhiteElo "2625"]
[BlackElo "2735"]
[Annotator "Besenthal,K"]
[PlyCount "153"]
[EventDate "2016.03.01"]
[EventType "swiss"]
[EventRounds "9"]
[EventCountry "RUS"]
[SourceTitle "CBM 171"]
[Source "ChessBase"]
[SourceDate "2016.03.14"]
[SourceVersion "2"]
[SourceVersionDate "2016.03.14"]
[SourceQuality "1"]

1. e4 c5 2. Nf3 d6 3. d4 cxd4 4. Nxd4 Nf6 5. Nc3 a6 6. Nb3 Nc6 7. Be3 e6 8. g4
b5 9. Bg2 Bb7 10. g5 Nd7 11. f4 Nb6 12. Qe2 Nc4 13. O-O-O Nxe3 14. Qxe3 Na5 15.
f5 Nc4 16. Qg3 {Diagramm [#]} b4 $6 {Das war nicht so gut...} 17. Na4 e5 18.
Nac5 {... wie man jetzt sehen kann.} Bc6 19. Bf1 Nb6 $6 {Dieser Springer wäre
besser nach a5 gegangen.} 20. Nxa6 Be7 21. f6 gxf6 22. Nxb4 $6 ({Nach} 22. gxf6
Bxf6 {Diagramm [#] wäre der weiße Vorteil noch größer gewesen.}) 22... Bxe4
23. Bg2 Bg6 $2 {Ob Gelfand wirklich an diesen Zug geglaubt hat? Das
Läuferpaar, die Bauernmasse im Zentrum, offene Linien gegen den weißen
König - das sieht ganz gut aus. Dem steht aber ein empfindlicher
Materialverlust gegenüber, und der Th8 spielt auch noch nicht mit.} 24. Bxa8
Qxa8 25. Qf2 (25. gxf6 $1) 25... Nd7 26. Nd5 Qxa2 27. gxf6 Bf8 28. Qd2 $2 {
Diagramm [#]} h5 $2 (28... Nc5 $1 $17) 29. Nc3 Qa6 30. Qf2 Bh6+ 31. Kb1 O-O 32.
Qe2 Qxe2 33. Nxe2 Nxf6 34. Rxd6 Ng4 {Diagramm [#] Der weiße Vorteil ist klein
geworden. Mittlerweile hat Gelfand alle seine Kräfte aktiviert.} 35. Nc3 $2
Ne3 36. Rg1 Kh7 37. Rgxg6 $2 {Diagramm [#]} (37. Rd2 $1) 37... fxg6 38. Nd2 $2
{Zu passiv!} (38. Nc5 $1) 38... Bf4 39. h3 g5 40. Nde4 Kg7 41. b4 g4 42. hxg4
Nxg4 $6 (42... hxg4 $1) 43. b5 h4 44. Rd3 Ne3 45. Nf2 Rb8 46. Kb2 Kg6 47. Kb3
Kf5 48. Rd7 Ke6 49. Rh7 Nf5 50. Nfe4 Nh6 51. Ne2 Be3 52. Kc4 h3 53. Kd3 h2 54.
N2g3 Bf4 55. c4 Rd8+ 56. Ke2 Rd4 57. Kf3 Rxc4 58. b6 Rb4 59. b7 Kd5 60. Kg2
Rb2+ 61. Kh1 Ng4 62. Rg7 Rb1+ 63. Kg2 h1=Q+ 64. Nxh1 Kxe4 65. Rxg4 Rb2+ 66.
Nf2+ Ke3 67. b8=Q Rxb8 68. Rh4 Ke2 69. Rg4 Rb2 70. Rh4 Rc2 71. Rh3 Rc8 72. Rh4
{Diagramm [#]} Be3 73. Re4 Rg8+ 74. Ng4 Kd2 75. Kh3 Bf4 76. Nxe5 Bxe5 77. Rxe5
1/2-1/2

[Event "Interzonal-14a"]
[Site "Subotica"]
[Date "1987.??.??"]
[Round "14"]
[White "Zapata, Alonso"]
[Black "Popovic, Petar"]
[Result "0-1"]
[WhiteElo "2505"]
[BlackElo "2540"]
[Annotator "Boensch,U"]
[PlyCount "124"]
[EventDate "1987.06.??"]
[EventType "tourn"]
[EventRounds "17"]
[EventCountry "YUG"]
[EventCategory "11"]
[SourceTitle "CBM 003"]
[Source "ChessBase"]
[SourceDate "1988.04.01"]
[SourceVersion "1"]
[SourceVersionDate "1988.04.01"]
[SourceQuality "1"]

1. e4 c5 2. Nf3 d6 3. d4 cxd4 4. Nxd4 Nf6 5. Nc3 Nc6 6. Be3 e5 7. Nf3 Be7 8.
Bc4 O-O 9. O-O Bg4 $5 (9... h6) 10. h3 Bh5 11. g4 $1 Na5 (11... Bg6 12. Nh4 $16
{/\ 13.Ng6, 13.Nf5}) 12. Bd3 (12. Be2 $142 Bg6 13. Nh4 Rc8 14. Nxg6 fxg6 $5 $16
(14... hxg6 $16 {^^,><d5})) 12... Bg6 13. Bg5 (13. Nh4 d5 $1 $13) 13... Nd7 14.
Bxe7 Qxe7 15. Nd5 Qd8 16. Ne1 Nc6 17. Ng2 Nc5 18. f3 Ne7 19. Nge3 Nxd5 20. Nxd5
Rc8 21. Rf2 f6 22. b4 Nd7 23. c4 Bf7 24. Ne3 Qb6 25. Qd2 g6 26. Bf1 Nb8 27. Nd5
Bxd5 28. exd5 f5 29. a3 Nd7 30. Re1 Qd8 31. g5 h6 32. h4 hxg5 33. Qxg5 Kg7 34.
Rg2 Qxg5 35. hxg5 Rh8 36. Rc1 b6 37. Rcc2 Rh5 38. Be2 Rh4 39. Rh2 Rxh2 40. Kxh2
Rh8+ 41. Kg1 Kf7 42. Bd1 Rh5 43. Rg2 Ke7 44. Be2 Rh7 45. Bd1 Nf8 46. Rc2 Rh4
47. Be2 Rd4 48. a4 Nh7 49. a5 Nxg5 50. Kg2 f4 51. Ra2 e4 52. fxe4 Rxe4 53. Bf1
Rd4 54. Kf2 Ne4+ 55. Ke1 Kf6 56. axb6 axb6 57. Ra6 b5 58. c5 Rxb4 59. Bg2 Ke5
60. c6 Rb1+ 61. Ke2 Rb2+ 62. Kd1 Rd2+ 0-1

[Event "Prestwich"]
[Site "Prestwich"]
[Date "1990.??.??"]
[Round "7"]
[White "Adams, Michael"]
[Black "Sherzer, Alex"]
[Result "1-0"]
[WhiteElo "2555"]
[BlackElo "2440"]
[Annotator "Boensch,U"]
[PlyCount "45"]
[EventDate "1990.??.??"]
[EventType "tourn"]
[EventRounds "9"]
[EventCountry "ENG"]
[SourceTitle "CBM 018"]
[Source "ChessBase"]
[SourceDate "1990.10.01"]
[SourceVersion "1"]
[SourceVersionDate "1990.10.01"]
[SourceQuality "1"]

1. e4 {Bönsch} c5 2. Nf3 d6 3. d4 cxd4 4. Nxd4 Nf6 5. Nc3 Nc6 6. Be3 Ng4 7. Bg5
(7. Bb5 Nxe3 8. fxe3 Bd7 9. O-O e6 10. Bxc6 bxc6 11. e5 d5 (11... Be7 12. Qh5
O-O 13. exd6 Bxd6 14. Ne4 Be7 15. Rad1 Qb6 16. Rf3 Be8 17. Rh3 h6 18. Rg3 Kh7
$10 {Gipslis - Tukmakov UdSSR 1979}) 12. Qf3 Qe7 13. e4 g6 14. exd5 exd5 15. b4
Bg7 16. b5 Bxe5 17. Rad1 $44 {Novik - Scerbakov UdSSR 1989 - Inf.47/239}) 7...
h6 8. Bh4 g5 9. Bg3 Bg7 10. Nb3 Bxc3+ 11. bxc3 Be6 {=/+ (Ruban) - Inf.48/255}
12. h4 $1 Rg8 13. hxg5 hxg5 14. Bb5 a6 15. Bxc6+ bxc6 16. Nd4 Qa5 17. O-O $1
Ne5 (17... Bd7 $13) 18. Nxe6 fxe6 19. Rb1 Rh8 20. Qd4 Ng6 $2 (20... Nf7 $1 $13
21. Rb7 (21. Qg7 e5) (21. Qc4 Nd8 $8) 21... g4) 21. Qg7 $18 Kd7 22. Rb7+ Kc8
23. Rfb1 1-0

[Event "Interzonal-15"]
[Site "Manila"]
[Date "1990.??.??"]
[Round "6"]
[White "Sokolov, Andrei"]
[Black "Cabrilo, Goran"]
[Result "1/2-1/2"]
[WhiteElo "2570"]
[BlackElo "2485"]
[Annotator "Boensch,U"]
[PlyCount "74"]
[EventDate "1990.06.29"]
[EventType "swiss"]
[EventRounds "13"]
[EventCountry "PHI"]
[SourceTitle "CBM 019"]
[Source "ChessBase"]
[SourceDate "1990.12.01"]
[SourceVersion "1"]
[SourceVersionDate "1990.12.01"]
[SourceQuality "1"]

1. e4 c5 2. Nf3 d6 3. d4 cxd4 4. Nxd4 Nf6 5. Nc3 Nc6 6. Be3 e5 (6... Ng4 $5 7.
Bg5 Qb6 8. Bb5 Bd7 $13) 7. Nf3 h6 8. Bc4 Be7 9. O-O O-O 10. Qe2 Na5 $5 (10...
Be6) 11. Bb3 (11. Bd3 $5) 11... a6 12. Rfd1 Nxb3 13. axb3 Qe8 $5 (13... Qc7) (
13... Bd7) 14. Nd2 {/\ Nc4+/-} b5 $5 15. f3 (15. Nxb5 Bg4 16. f3 Bxf3 (16...
Qxb5 $5 17. Qxb5 axb5 18. fxg4 Nxg4) 17. gxf3 axb5 $5 18. Rxa8 Qxa8 19. Qxb5 d5
$44) 15... Be6 16. Nf1 Qc6 17. Bf2 {/\ Ne3-d5+/-} b4 18. Na4 Rab8 19. Ne3 d5 $5
20. exd5 Nxd5 21. Nxd5 Bxd5 22. Qxe5 Be6 $1 $44 {><c2, Na4} 23. c4 $5 (23. Nc5
$2 Rb5 $19) (23. Rd2 $6 Rb5 $1 $15) 23... bxc3 24. Nxc3 Rxb3 25. Ne4 $1 Rd8 $6
(25... f6 $5 26. Rac1 $1) (25... Rb5 $5) 26. Rxd8+ Bxd8 27. Bd4 $1 f6 $8 28.
Qc5 $1 Qc8 $1 29. Qd6 a5 $1 30. Rd1 (30. Nc5 Rb6) 30... Rb8 $1 $138 31. h4 $6 (
31. Nc5 $5 Bf5 $1 $10 {/\} (31... Bf7 32. Nd7 $1 $16) 32. g4 $2 Bxg4 $19) 31...
Bf7 32. Bc3 Qc7 33. Qxc7 $138 Bxc7 34. Rd7 Bf4 35. g3 Bc1 36. Rd1 Be3+ $15 37.
Kg2 a4 1/2-1/2

[Event "Brno Morava-B"]
[Site "Brno"]
[Date "1991.??.??"]
[Round "9"]
[White "Gipslis, Aivars P"]
[Black "Hracek, Zbynek"]
[Result "1-0"]
[WhiteElo "2475"]
[BlackElo "2455"]
[Annotator "Boensch,U"]
[PlyCount "109"]
[EventDate "1991.09.??"]
[EventType "tourn"]
[EventRounds "11"]
[EventCountry "CZE"]
[EventCategory "10"]
[SourceTitle "CBM 026"]
[Source "ChessBase"]
[SourceDate "1992.02.01"]
[SourceVersion "1"]
[SourceVersionDate "1992.02.01"]
[SourceQuality "1"]

1. e4 {Boensch} c5 2. Nf3 d6 3. d4 cxd4 4. Nxd4 Nf6 5. Nc3 Nc6 6. Be3 Ng4 7.
Bb5 Nxe3 8. fxe3 (8. Nxc6 Nxd1 9. Nxd8+ Kxd8 10. Rxd1 e6 11. a4 a6 12. Bc4 Bd7
13. O-O Be7 14. f4 Kc7 15. Rf3 Rad8 16. Rfd3 Rhe8 {1/2 Polgar,Zso-Aseev Brno-B
1991}) 8... Bd7 9. O-O g6 $2 (9... e6 $10) 10. Bxc6 bxc6 11. Qf3 f6 12. e5 $16
{-ECO B56/4 (22)} dxe5 13. Nxc6 Bxc6 (13... Qc8 14. Nxe5 fxe5 15. Qf7+ Kd8 16.
Rad1 $18) 14. Qxc6+ Kf7 15. Rad1 Qc8 16. Rxf6+ $1 exf6 17. Rd7+ Be7 18. Rxe7+
$1 Kxe7 19. Nd5+ Kd8 (19... Kf8 20. Qxf6+ Ke8 (20... Kg8 21. Ne7#) 21. Qe7#)
20. Qd6+ Qd7 21. Qxf6+ Kc8 22. Qxh8+ Kb7 23. Qxe5 Rc8 24. c3 Qa4 25. h3 Qxa2
26. Qe7+ Ka8 27. Qe4 Kb8 28. Qf4+ Kb7 29. Ne7 Rc7 30. Qe4+ Kb8 31. Qe5 Kb7 32.
Qe4+ Kb8 33. Nc6+ Kc8 34. Qe8+ Kb7 35. Nd8+ Kb6 36. Ne6 Qxb2 (36... Rc6 37.
Qb8+ Ka6 38. Nc7+ $18) (36... Rb7 37. Qd8+ Kc6 38. Nd4+ Kc5 39. b4+ Kc4 40.
Qg8+ $18) 37. Nxc7 Qa1+ 38. Kh2 Kxc7 39. Qe5+ Kc6 40. e4 a5 41. Qd5+ Kb6 42.
Qd6+ Kb7 43. Qd5+ Kb6 44. Qd4+ Kb7 45. e5 Qe1 46. Qd7+ Kb6 47. Qd6+ Kb7 48. e6
g5 49. Qd7+ Kb6 50. Qd8+ Ka6 51. Qf6 a4 52. e7+ Kb7 53. Qxg5 Kc7 54. Qa5+ Kd6
55. Qd8+ 1-0